[Event "Marseille op 4th"]
[Site "Marseille"]
[Date "2011.12.27"]
[Round "3"]
[White "Chen, Thibaut"]
[Black "Tatinian, William"]
[Result "0-1"]
[WhiteElo "1199"]
[BlackElo "1774"]
[PlyCount "47"]
[EventDate "2011.12.26"]
[EventType "swiss"]
[EventRounds "9"]
[EventCountry "FRA"]
[SourceTitle "CBM 146 Extra"]
[Source "ChessBase"]
[SourceDate "2012.02.29"]
[SourceVersion "1"]
[SourceVersionDate "2012.02.29"]
[SourceQuality "1"]

1. d4 Nf6 2. Nc3 d5 3. Bf4 e6 4. Qd2 Bb4 5. 0-0-0 Ne4 6. Qd3 Nxc3 7. Bd2 Nxd1 8. Kxd1 Bxd2 9. Qxd2 c5 10. dxc5 Nc6 11. Nf3 Qf6 12. g4 Bd7 13. g5 Qxb2 14. c3 Qa1+ 15. Qc1 Qxa2 16. g6 hxg6 17. Nd4 Nxd4 18. cxd4 Qa4+ 19. Ke1 Qxd4 20. e3 Qe4 21. Rg1 Rxh2 22. Qb2 Qxe3+ 23. Kd1 Ba4+ 24. Qc2 0-1

[Event "Marseille op 4th"]
[Site "Marseille"]
[Date "2011.12.27"]
[Round "4"]
[White "Savalle, Mathilde"]
[Black "Chen, Thibaut"]
[Result "1-0"]
[WhiteElo "1617"]
[BlackElo "1199"]
[PlyCount "39"]
[EventDate "2011.12.26"]
[EventType "swiss"]
[EventRounds "9"]
[EventCountry "FRA"]
[SourceTitle "CBM 146 Extra"]
[Source "ChessBase"]
[SourceDate "2012.02.29"]
[SourceVersion "1"]
[SourceVersionDate "2012.02.29"]
[SourceQuality "1"]

1. e4 e5 2. Nf3 Nc6 3. Bc4 Nf6 4. d3 Bc5 5. c3 d6 6. Bb3 Bg4 7. 0-0 Qe7 8. Bc2 0-0-0 9. b4 Bb6 10. a4 d5 11. exd5 Nxd5 12. a5 Bxf2+ 13. Rxf2 Nf4 14. Bxf4 exf4 15. b5 Qc5 16. bxc6 Bxf3 17. Qxf3 Qxc3 18. cxb7+ Kb8 19. Nxc3 Rde8 20. Qxf4 1-0